Homogeneous middles vs. heterogeneous tails, and the end of the inverted-U: it's all about the share of the rich /

Na minha lista:
Detalhes bibliográficos
Autor principal: Palma, José Gabriel
Formato: Texto
Tags: Adicionar Tag
Sem tags, seja o primeiro a adicionar uma tag!

MARC

LEADER 00000 a a2200000 04500
001 43243
003
040
100 |a Palma, José Gabriel  
245 |a Homogeneous middles vs. heterogeneous tails, and the end of the inverted-U:   |b it's all about the share of the rich /  |c José Gabriel Palma  
500 |a jgp5@cam.ac.uk  
773 |g volumen42, número1 ( , 2011), páginas 87-153: tablas, gráficos  
999 |c 26228  |d 26228